000 00446nam a22001697a 4500
005 20260313130231.0
008 260313b |||||||| |||| 00| 0 eng d
037 _cDSWL
040 _aDSWL
_cDSWL
041 _heng
100 _aRobertson, Ian
245 _aSociety: A brief introduation
260 _aNew York,
_bWorth Publishers,
_c1989
300 _a454p
942 _2CC
_cTEXL
_n0
999 _c1715358
_d1715358